Atur i salut : compilació de les aportacions al Seminari organitzat el 25 d' abril de 1983 / compilació de les aportacions al Seminari organitzat el 25 d' abril de 1983 /
Publicado:
Barcelona :
Generalitat de Catalunya, Departament de Sanitat i Seguretat Social, Institut d'Estudis de la Salut, DL 1984
Descripción Física:
134 p. ; 22 cm
Materias:
Atur i salut
MARC
| LEADER | 00000nam a2200000Ia 4500 | ||
|---|---|---|---|
| 001 | 1388 | ||
| 003 | BGR | ||
| 005 | 20260324175208.0 | ||
| 008 | 160829s9999 xx 000 0 cat d | ||
| 080 | |a C-1-329 | ||
| 245 | |a Atur i salut : |b compilació de les aportacions al Seminari organitzat el 25 d' abril de 1983 / |c per l'Institut d'Estudis de la Salut ; [editors: Joan J. Artells i Herrero, Oriol Ramis i Juan] | ||
| 260 | |a Barcelona : |b Generalitat de Catalunya, Departament de Sanitat i Seguretat Social, Institut d'Estudis de la Salut, DL 1984 | ||
| 300 | |a 134 p. ; |c 22 cm | ||
| 650 | |a Atur i salut |9 19652 | ||
| 700 | 1 | |a Artells i Herrero, Joan J. |9 19654 | |
| 700 | |a Ramis i Juan, Oriol, ed. |9 19655 | ||
| 710 | 2 | |a Institut d'Estudis de la Salut |9 71092 | |
| 901 | |a Arxiu | ||
| 942 | |n 1 |2 udc |c MON | ||
| 952 | |0 0 |1 0 |4 0 |6 C1329 |7 1 |9 41296 |a Arxiu |b Arxiu |d 2016-12-01 |l 0 |o C-1-329 |p 1388 |r 2016-12-01 00:00:00 |w 2016-12-01 |y ARXIU | ||
| 999 | |c 43079 |d 43079 | ||